[Event "London Classic Open 2017"]
[Site "London ENG"]
[Date "2017.12.05"]
[Round "5.58"]
[White "Smith, Andrew Philip"]
[Black "Gallagher, Joseph G."]
[Result "1/2-1/2"]
[WhiteTitle "FM"]
[BlackTitle "GM"]
[WhiteElo "2126"]
[BlackElo "2446"]
[WhiteFideId "2500833"]
[BlackFideId "1303422"]
[EventDate "2017.12.02"]

1. e4 c5 2. Nf3 e6 3. d4 cxd4 4. Nxd4 a6 5. Nc3 Qc7 6. Qf3 Nc6 7. Nxc6 bxc6 8.
Bd3 Nf6 9. Bf4 e5 10. Bg5 Be7 11. h3 d6 12. Rd1 Be6 13. Qe2 Qb7 14. b3 O-O 15.
O-O Rfd8 16. Bc1 h6 17. Kh1 Nd7 18. Bc4 Nc5 19. Bxe6 Nxe6 20. Qg4 Kh8 21. Ne2
Bf6 22. Ng3 d5 23. Rd3 dxe4 24. Rxd8+ Rxd8 25. Nxe4 Qe7 26. c3 Bg5 27. Nxg5 Nxg5
28. Qc4 Qb7 29. f4 exf4 30. Bxf4 Ne6 31. Be3 Rd5 32. Qe2 Kg8 33. c4 Re5 34. Qf3
Qe7 35. Bg1 c5 36. Bh2 Ng5 37. Qa8+ Qe8 38. Qxe8+ Rxe8 39. Rf5 Ne4 40. Re5 Rxe5
41. Bxe5 f6 42. Bb2 Kf7 43. Kg1 Ke6 44. g4 g6 45. Kg2 f5 46. Bg7 h5 47. gxh5
gxh5 48. Kf3 h4 49. Kf4 Nf2 50. Kg5 Nxh3+ 51. Kxh4 Nf2 52. Kg3 Nd3 53. Kf3 Nc1
54. Bf8 Nxa2 55. Bxc5 Nc1 56. b4 Nb3 57. Bf8 Nd2+ 58. Ke3 Nxc4+ 59. Kd4 Nb6 60.
Bh6 Nd5 61. Kc5 Ke5 62. b5 axb5 63. Kxb5 Ke4 64. Kc5 Ne3 65. Kd6 Ng4 66. Bg5 Ne5
67. Ke6 Nf3 68. Bh6 Nh2 69. Bg5 Ng4 70. Bd2 Ne5 71. Bh6 Nf3 72. Bc1 Nd4+ 73. Kf6
Ne2 74. Bd2 Ng3 75. Bh6 Kf3 76. Ke5 Kg4 77. Bc1 Ne4 78. Be3 Ng5 79. Kf6 Nf3 80.
Ke6 f4 81. Bxf4 1/2-1/2

[Event "London Classic Open 2017"]
[Site "London ENG"]
[Date "2017.12.05"]
[Round "5.59"]
[White "Mitra, Roman C"]
[Black "Hebden, Mark L"]
[Result "1-0"]
[BlackTitle "GM"]
[WhiteElo "2100"]
[BlackElo "2445"]
[WhiteFideId "419540"]
[BlackFideId "400084"]
[EventDate "2017.12.02"]

1. g3 g6 2. Bg2 Bg7 3. e4 d5 4. exd5 Nf6 5. Nc3 Nbd7 6. Nf3 Nb6 7. O-O O-O 8.
Re1 Nbxd5 9. Nxd5 Nxd5 10. d4 c6 11. Qe2 Re8 12. c4 Nb6 13. Be3 Bg4 14. Rad1 Qc8
15. Qc2 Qf5 16. Qxf5 Bxf5 17. b3 Rad8 18. Bg5 Kf8 19. h3 h6 20. Bc1 g5 21. g4
Bh7 22. Ba3 Bf6 23. Ne5 Kg7 24. Bc5 e6 25. a4 Bc2 26. Rc1 Bxb3 27. a5 Nd7 28.
Nxd7 Rxd7 29. Re3 Ba4 30. Ra3 e5 31. Rxa4 exd4 32. a6 d3 33. Rd1 Re2 34. axb7
Rxb7 35. Bf1 Rbb2 36. Rxd3 Rb1 37. Re3 Rd2 38. Kg2 Rdd1 39. Bd3 Rbc1 40. Rxa7
Rh1 41. Ra8 Bc3 42. Bf5 Rcg1+ 43. Kf3 1-0

[Event "London Classic Open 2017"]
[Site "London ENG"]
[Date "2017.12.05"]
[Round "5.60"]
[White "Hebbes, Tim"]
[Black "Beinoras, Mindaugas"]
[Result "0-1"]
[BlackTitle "IM"]
[WhiteElo "2097"]
[BlackElo "2353"]
[WhiteFideId "406570"]
[BlackFideId "12802085"]
[EventDate "2017.12.02"]

1. Nf3 d5 2. e3 Bg4 3. c4 dxc4 4. Bxc4 e6 5. b3 Nf6 6. Bb2 Bd6 7. Nc3 a6 8. Be2
O-O 9. Nd4 e5 10. Bxg4 exd4 11. Nb1 Nxg4 12. Qxg4 c5 13. Na3 Nc6 14. O-O b5 15.
Nc2 Be5 16. exd4 Bf6 17. Rac1 Qa5 18. Qf3 Qxa2 19. Qxc6 Qxb2 20. dxc5 Qxb3 21.
Ne3 Rfd8 22. Rfd1 Qe6 23. Qf3 Rac8 24. Nf5 Qd5 25. Nd6 Qxf3 26. gxf3 Rc7 27. d4
b4 28. Rc4 Rxd6 29. Rxb4 Rd5 30. Rb8+ Bd8 31. Rb6 Kf8 32. Rxa6 Rcxc5 33. dxc5
Rxd1+ 34. Kg2 Rc1 35. c6 Bc7 36. Ra8+ Ke7 37. Rg8 Rxc6 0-1

[Event "London Classic Open 2017"]
[Site "London ENG"]
[Date "2017.12.05"]
[Round "5.61"]
[White "Ojas, Kulkarni"]
[Black "Seymour, Timothy P"]
[Result "1-0"]
[WhiteElo "2278"]
[BlackElo "2072"]
[WhiteFideId "25040073"]
[BlackFideId "412112"]
[EventDate "2017.12.02"]

1. c4 e6 2. g3 d5 3. Nf3 dxc4 4. Qa4+ Bd7 5. Qxc4 c5 6. Bg2 Bc6 7. O-O Nf6 8.
Qc2 Nbd7 9. Nc3 b5 10. d3 Rc8 11. a4 b4 12. Nb1 c4 13. dxc4 Be4 14. Qd1 Rxc4 15.
Nbd2 Bc2 16. Nxc4 Bxd1 17. Rxd1 Qc7 18. b3 Nd5 19. Nd4 Nc3 20. Nb5 Nxb5 21. axb5
Nb8 22. Bf4 Qc5 23. Bxb8 Qxb5 24. Rxa7 Bc5 25. Nd6+ Bxd6 26. Bxd6 Qxe2 27. Bc6+
Kd8 28. Ra8# 1-0

[Event "London Classic Open 2017"]
[Site "London ENG"]
[Date "2017.12.05"]
[Round "5.62"]
[White "Lyell, Mark"]
[Black "Compton, Alistair"]
[Result "1-0"]
[WhiteTitle "FM"]
[WhiteElo "2264"]
[BlackElo "2071"]
[WhiteFideId "402354"]
[BlackFideId "4300645"]
[EventDate "2017.12.02"]

1. e4 e6 2. d4 d5 3. e5 Ne7 4. c3 Qd7 5. a4 a5 6. Bb5 c6 7. Bd3 b6 8. Ne2 Ba6 9.
Bc2 c5 10. Na3 cxd4 11. Nxd4 Nbc6 12. Nab5 Ng6 13. Nxc6 Qxc6 14. O-O Bxb5 15.
axb5 Qc7 16. b4 a4 17. Bxg6 hxg6 18. Rxa4 Rc8 19. Qd4 Be7 20. Be3 Rh4 21. f4
Qxc3 22. Rc1 Qxd4 23. Rxc8+ Kd7 24. Bxd4 Kxc8 25. g3 Rh5 26. Bxb6 g5 27. Bc5
Bxc5+ 28. bxc5 gxf4 29. c6 Kc7 30. Ra7+ Kb8 31. b6 1-0

[Event "London Classic Open 2017"]
[Site "London ENG"]
[Date "2017.12.05"]
[Round "5.63"]
[White "Ronka, Erik"]
[Black "Yoon, Jacob D"]
[Result "1-0"]
[WhiteElo "2260"]
[BlackElo "2045"]
[WhiteFideId "505080"]
[BlackFideId "446076"]
[EventDate "2017.12.02"]

1. d4 e6 2. Nf3 c5 3. Nc3 cxd4 4. Nxd4 a6 5. g3 Bb4 6. Bg2 Qc7 7. O-O Ne7 8. Nb3
Ng6 9. h4 h6 10. h5 Ne7 11. e4 O-O 12. Bf4 e5 13. Be3 Bxc3 14. bxc3 d6 15. Bf3
f5 16. Qd3 fxe4 17. Bxe4 Be6 18. Rfd1 d5 19. Nc5 Bf7 20. Bg2 Nd7 21. Nxd7 Qxd7
22. c4 d4 23. c3 Bxh5 24. Rd2 Bg6 25. Be4 Bxe4 26. Qxe4 Nc6 27. cxd4 exd4 28.
Bxd4 Nxd4 29. Rxd4 Qf7 30. Rf1 Rad8 31. Rd5 b5 32. Qd4 Rxd5 33. cxd5 Rd8 34. Rd1
a5 35. Qc5 Qf3 36. Qd4 Qf7 37. Rd3 Rd6 38. Qc5 Qd7 39. Kg2 Kf7 40. Rd4 g5 41. a4
bxa4 42. Qxa5 Kg7 43. Qc3 a3 44. Rc4+ Kg6 45. Qxa3 Rxd5 46. Qc3 Rd6 47. g4 Qb7+
48. Kh2 Qd5 49. Rc7 Qd4 50. Qc2+ Qd3 51. Qa2 Qd5 52. Qb1+ Qd3 53. Qe1 Qd5 54.
Qe8+ Kf6 55. Qe7+ Kg6 56. Qg7# 1-0

[Event "London Classic Open 2017"]
[Site "London ENG"]
[Date "2017.12.05"]
[Round "5.64"]
[White "Guo, Emma"]
[Black "Lercel, Michal"]
[Result "1/2-1/2"]
[WhiteTitle "WIM"]
[WhiteElo "2081"]
[BlackElo "2244"]
[WhiteFideId "3200795"]
[BlackFideId "1114700"]
[EventDate "2017.12.02"]

1. d4 Nf6 2. Nf3 g6 3. g3 Bg7 4. Bg2 O-O 5. O-O d6 6. b3 c5 7. Bb2 Nc6 8. d5 Nb4
9. c4 b5 10. Nfd2 Rb8 11. Nc3 bxc4 12. Nxc4 Ba6 13. Rb1 Bxc4 14. bxc4 Nd7 15.
Qc1 Ne5 16. Qf4 Qa5 17. Ba1 Nc2 18. Bb2 Rxb2 19. Rxb2 Qxc3 20. Rb7 Nd4 21. Kh1
Nxe2 22. Qe4 Qxc4 23. Qxc4 Nxc4 24. Rxe7 Nd4 25. Rc1 Ne5 26. Rxa7 Nd3 27. Rf1 c4
28. Rc7 Nc5 29. Rc1 Nb5 30. Rc6 c3 31. Bf1 Na3 32. Rxd6 c2 33. Rc6 Bd4 34. Kg2
Rb8 35. d6 Rb1 36. d7 Nxd7 37. R6xc2 Rb7 38. Rc7 Rxc7 39. Rxc7 Ne5 40. f4 Ng4
41. Bd3 h5 42. Rd7 Bc5 43. Rc7 Bd4 44. Rd7 Bc5 1/2-1/2

[Event "London Classic Open 2017"]
[Site "London ENG"]
[Date "2017.12.05"]
[Round "5.65"]
[White "Kalaiyalahan, Akshaya"]
[Black "Richardson, John R"]
[Result "0-1"]
[WhiteTitle "FM"]
[BlackTitle "FM"]
[WhiteElo "2067"]
[BlackElo "2243"]
[WhiteFideId "422894"]
[BlackFideId "401617"]
[EventDate "2017.12.02"]

1. d4 Nf6 2. Bf4 e6 3. e3 b6 4. Nd2 Bb7 5. Ngf3 Be7 6. h3 O-O 7. Bd3 d5 8. Ne5
Ne4 9. c3 f6 10. Nef3 Nd7 11. Qc2 f5 12. g4 c5 13. gxf5 exf5 14. Rf1 c4 15. Be2
b5 16. Ne5 b4 17. Nxe4 fxe4 18. Nxd7 Qxd7 19. Bg4 Qc6 20. Kd2 a5 21. f3 a4 22.
a3 b3 23. Qb1 h5 24. Bxh5 Rxf4 25. exf4 Qh6 26. Bg4 Qxf4+ 27. Kd1 Bg5 28. Qc1 e3
29. Rh1 Qg3 30. Re1 Re8 31. f4 Bh4 32. Qd2 exd2 33. Rxe8+ Kf7 34. Bh5+ g6 35.
Bxg6+ Qxg6 0-1

[Event "London Classic Open 2017"]
[Site "London ENG"]
[Date "2017.12.05"]
[Round "5.66"]
[White "Duncan, Chris R"]
[Black "Myall, Ivan J"]
[Result "1-0"]
[WhiteTitle "FM"]
[WhiteElo "2242"]
[BlackElo "2001"]
[WhiteFideId "403091"]
[BlackFideId "425168"]
[EventDate "2017.12.02"]

1. c4 Nf6 2. Nf3 e6 3. Nc3 d5 4. e3 c6 5. b3 Bd6 6. Qc2 Nbd7 7. Bb2 O-O 8. Be2
h6 9. O-O e5 10. cxd5 Nxd5 11. Ne4 Bb8 12. Ng3 Re8 13. a3 N7f6 14. d3 Bg4 15. b4
a6 16. h3 Bxf3 17. Bxf3 Qc7 18. Rfe1 a5 19. Qc4 Qb6 20. Qc5 axb4 21. Qxb6 Nxb6
22. axb4 Bd6 23. b5 cxb5 24. Bxb7 Rxa1 25. Bxa1 b4 26. Rb1 g6 27. Kf1 Rb8 28.
Bf3 h5 29. Ke1 Na4 30. Bd1 Nc5 31. Kd2 Nd5 32. Ne2 Ra8 33. Bb2 Kf8 34. Nc1 Ke7
35. Bf3 Ke6 36. d4 Nd7 37. dxe5 Nxe5 38. Bxe5 Kxe5 39. Nd3+ Ke6 40. Bxd5+ Kxd5
41. Nxb4+ Bxb4+ 42. Rxb4 Ra2+ 43. Ke1 Ke5 44. Rb7 Kf6 45. Rb4 g5 46. Rd4 Kf5 47.
Rd5+ Ke4 48. Rd4+ Ke5 49. Rd2 Ra1+ 50. Ke2 f5 51. Kf3 Ra3 52. Rb2 g4+ 53. hxg4
hxg4+ 54. Kg3 f4+ 55. Kxg4 fxe3 56. Re2 Ra4+ 57. Kf3 Kf5 58. Rxe3 Rf4+ 59. Ke2
Ra4 60. Re8 Ra2+ 61. Kf3 Ra3+ 62. Re3 Ra4 63. g3 Rb4 64. Ra3 Rb5 65. g4+ Kg5 66.
Kg3 Rb4 67. f4+ Kg6 68. Ra6+ Kg7 69. g5 Rb1 70. Kg4 Rb2 71. Ra5 Rb8 72. Ra7+ Kg8
73. f5 1-0

[Event "London Classic Open 2017"]
[Site "London ENG"]
[Date "2017.12.05"]
[Round "5.67"]
[White "Bremner, Adam"]
[Black "Boger, Raymond"]
[Result "1-0"]
[WhiteTitle "CM"]
[WhiteElo "2231"]
[BlackElo "1986"]
[WhiteFideId "2400847"]
[BlackFideId "1507419"]
[EventDate "2017.12.02"]

1. d4 Nf6 2. Bg5 e6 3. e4 h6 4. Bxf6 Qxf6 5. c3 d5 6. Nd2 c5 7. Ngf3 Nc6 8. Bb5
Bd7 9. O-O a6 10. exd5 axb5 11. dxc6 Bxc6 12. Qe2 Qg6 13. g3 Qg4 14. Qe3 Rd8 15.
dxc5 Qh3 16. Ne4 Rd5 17. Rfd1 Qg4 18. Rxd5 Bxd5 19. Nfd2 Be7 20. f3 Qh5 21. a4
O-O 22. axb5 f5 23. Nf2 f4 24. gxf4 g5 25. c4 gxf4 26. Qe2 Rf6 27. cxd5 Bxc5 28.
dxe6 Qg6+ 29. Kh1 Rxe6 30. Nde4 Kh7 31. Rg1 Qf5 32. Qc2 Re5 33. Nf6+ 1-0

[Event "London Classic Open 2017"]
[Site "London ENG"]
[Date "2017.12.05"]
[Round "5.68"]
[White "Barton, R Alan"]
[Black "Guelsen, Taylan"]
[Result "1-0"]
[WhiteElo "2052"]
[BlackElo "2213"]
[WhiteFideId "404233"]
[BlackFideId "24603635"]
[EventDate "2017.12.02"]

1. d4 d5 2. Nf3 Nf6 3. e3 c6 4. Bd3 Bg4 5. Nbd2 e6 6. O-O Nbd7 7. c4 Be7 8. Qc2
Bh5 9. b3 Bg6 10. Bb2 Rc8 11. c5 Qc7 12. b4 O-O 13. a4 Bxd3 14. Qxd3 Rfe8 15. a5
a6 16. Ne5 Nxe5 17. dxe5 Nd7 18. f4 f6 19. Nf3 fxe5 20. fxe5 Rf8 21. e4 Rce8 22.
Rae1 Rf4 23. exd5 cxd5 24. Nd4 Bg5 25. Qh3 Rxf1+ 26. Kxf1 Nxe5 27. Qh5 Qf7+ 28.
Qxf7+ Nxf7 29. Rxe6 Rxe6 30. Nxe6 Bd2 31. b5 Bxa5 32. c6 bxc6 33. bxa6 Bb6 34.
Bd4 Ba7 35. Bxa7 Nd6 36. Bc5 Nb5 37. a7 Nxa7 38. Bxa7 Kf7 39. Nd8+ Ke7 40. Nxc6+ 1-0

[Event "London Classic Open 2017"]
[Site "London ENG"]
[Date "2017.12.05"]
[Round "5.69"]
[White "Peters, Stephen G"]
[Black "Semprun Martinez, Fernando"]
[Result "0-1"]
[WhiteElo "2050"]
[BlackElo "2205"]
[WhiteFideId "406040"]
[BlackFideId "2203170"]
[EventDate "2017.12.02"]

1. d4 Nf6 2. c4 c5 3. d5 b5 4. Qc2 e6 5. e4 bxc4 6. Bxc4 exd5 7. exd5 Bb7 8. Nc3
Na6 9. Bg5 Be7 10. Qd2 d6 11. Bb5+ Nd7 12. Qe2 Nc7 13. O-O-O Kf8 14. Bxe7+ Qxe7
15. Qxe7+ Kxe7 16. Nf3 Nxb5 17. Rhe1+ Ne5 18. Nxe5 Nxc3 19. Nc6+ Kf6 20. bxc3
Rhe8 21. Kc2 Rxe1 22. Rxe1 Bxc6 23. dxc6 Rc8 24. c4 Rxc6 25. Re8 Ra6 26. Kb3
Rb6+ 27. Kc3 Rb7 28. Re2 h5 29. h4 g6 30. Rd2 Ke6 31. Re2+ Kd7 32. g3 Rb1 33.
Kc2 Rb8 34. Kc3 Re8 35. Rb2 Kc6 36. Rd2 Re5 37. Rb2 Rf5 38. Rd2 Rf3+ 39. Kc2 f5
40. Kd1 Rc3 41. Re2 0-1

[Event "London Classic Open 2017"]
[Site "London ENG"]
[Date "2017.12.05"]
[Round "5.70"]
[White "Harley, Andrew D"]
[Black "Riedener, Toni"]
[Result "1-0"]
[WhiteTitle "FM"]
[WhiteElo "2196"]
[BlackElo "1989"]
[WhiteFideId "401390"]
[BlackFideId "1302698"]
[EventDate "2017.12.02"]

1. e4 c5 2. c3 Nf6 3. e5 Nd5 4. d4 cxd4 5. Nf3 Nc6 6. cxd4 d6 7. Bc4 Nb6 8. Bb5
dxe5 9. Nxe5 Bd7 10. Nxd7 Qxd7 11. Nc3 e6 12. O-O a6 13. Bxc6 bxc6 14. Be3 Be7
15. Qg4 O-O 16. Bh6 Bf6 17. Rfd1 Nd5 18. Ne4 Qe7 19. Rd3 Kh8 20. Bd2 Rfd8 21.
Rh3 Qf8 22. Qh5 Qg8 23. Bg5 Bxd4 24. Bxd8 Nf4 25. Qxh7+ Qxh7 26. Rxh7+ Kxh7 27.
Bg5 Bxb2 28. Rb1 Be5 29. Rb6 Rd8 30. Bxd8 1-0

[Event "London Classic Open 2017"]
[Site "London ENG"]
[Date "2017.12.05"]
[Round "5.71"]
[White "Nettleton, Charlie B"]
[Black "Ilfeld, Etan"]
[Result "1/2-1/2"]
[WhiteElo "2047"]
[BlackElo "2186"]
[WhiteFideId "419710"]
[BlackFideId "2803470"]
[EventDate "2017.12.02"]

1. e4 e5 2. Nf3 Nc6 3. Bc4 Bc5 4. c3 Nf6 5. d3 d6 6. O-O O-O 7. Re1 Bg4 8. Nbd2
a5 9. a4 Bb6 10. h3 Bh5 11. Nf1 Re8 12. Ng3 Bg6 13. Qb3 Qd7 14. Bb5 Nh5 15. Nxh5
Bxh5 16. Nh4 Qe6 17. Bc4 Qf6 18. Nf5 Bg6 19. Ne3 Nd8 20. Rf1 Bxe3 21. Bxe3 Qe7
22. f4 exf4 23. Bxf4 Kh8 24. Rae1 f6 25. Kh2 Bf7 26. d4 Bxc4 27. Qxc4 Ne6 28.
Bg3 Rf8 29. Qb5 b6 30. Qc6 Rae8 31. e5 dxe5 32. dxe5 f5 33. Rd1 Qc5 34. Qxc5
Nxc5 35. Rd4 g5 36. h4 h6 37. b4 Ne6 38. Rd7 f4 39. Bf2 Rd8 40. Rfd1 axb4 41.
cxb4 Rxd7 42. Rxd7 Ra8 43. Re7 Ng7 44. hxg5 hxg5 45. Kh3 Rxa4 46. Rxc7 Rxb4 47.
Rb7 b5 48. Rb6 Rb3+ 49. Kg4 Rb2 50. Kxg5 Rxf2 51. Rxb5 Kh7 52. Rb7 Rxg2+ 53.
Kxf4 1/2-1/2

[Event "London Classic Open 2017"]
[Site "London ENG"]
[Date "2017.12.05"]
[Round "5.72"]
[White "Hill, Alistair"]
[Black "Rogacewicz, Mikolaj"]
[Result "1-0"]
[WhiteElo "2179"]
[BlackElo "1961"]
[WhiteFideId "432407"]
[BlackFideId "21842981"]
[EventDate "2017.12.02"]

1. Nf3 Nf6 2. g3 b6 3. Bg2 Bb7 4. O-O e6 5. c4 Be7 6. Nc3 O-O 7. Re1 d5 8. cxd5
exd5 9. d4 c5 10. b3 Ne4 11. Bb2 Nc6 12. e3 Qd7 13. Rc1 cxd4 14. Nxd4 Nxd4 15.
Qxd4 Bf6 16. Qd1 Qf5 17. Qf3 Qe6 18. Na4 Bxb2 19. Nxb2 Rac8 20. Nd3 Rxc1 21.
Rxc1 Rc8 22. Qd1 Nc3 23. Qd2 Ne4 24. Qb2 Rxc1+ 25. Nxc1 Qf6 26. Qxf6 Nxf6 27. f3
Kf8 28. Kf2 Ke7 29. Bf1 Kd6 30. a3 Nd7 31. Be2 a5 32. h4 Nc5 33. g4 Ba6 34. b4
Bxe2 35. bxc5+ Kxc5 36. Kxe2 Kc4 37. Kd2 b5 38. Kc2 h5 39. Ne2 hxg4 40. fxg4 a4
41. h5 f6 42. Nd4 b4 43. axb4 Kxb4 44. Nf5 a3 45. Nxg7 a2 46. Kb2 1-0

[Event "London Classic Open 2017"]
[Site "London ENG"]
[Date "2017.12.05"]
[Round "5.73"]
[White "Millward, Kevin P"]
[Black "Sumit, Kumar"]
[Result "1/2-1/2"]
[WhiteElo "2035"]
[BlackElo "2176"]
[WhiteFideId "404721"]
[BlackFideId "5054010"]
[EventDate "2017.12.02"]

1. d4 d5 2. Bf4 Nf6 3. e3 c5 4. c3 Nc6 5. Nd2 cxd4 6. exd4 Bf5 7. Qb3 Qc8 8.
Ngf3 e6 9. h3 Be7 10. Be2 O-O 11. O-O h6 12. Rfe1 a6 13. a4 Nd7 14. Rac1 Na5 15.
Qd1 Nb6 16. b4 Nac4 17. a5 Nxd2 18. Nxd2 Nc4 19. Nxc4 dxc4 20. Qa4 Be4 21. Qd1
Qc6 22. f3 Bd5 23. Qd2 Bh4 24. Rf1 Rad8 25. Bd1 f6 26. Bxh6 e5 27. Be3 f5 28. f4
exd4 29. Bxd4 Bf6 30. Bxf6 Qxf6 31. Qf2 Be4 32. Bc2 Rfe8 1/2-1/2

[Event "London Classic Open 2017"]
[Site "London ENG"]
[Date "2017.12.05"]
[Round "5.75"]
[White "Skutta, Bernd"]
[Black "Caglar, Sila"]
[Result "0-1"]
[BlackTitle "WFM"]
[WhiteElo "1988"]
[BlackElo "2167"]
[WhiteFideId "4666950"]
[BlackFideId "6364063"]
[EventDate "2017.12.02"]

1. d4 Nf6 2. Nf3 e6 3. c4 Bb4+ 4. Nbd2 O-O 5. a3 Be7 6. g3 b6 7. Bg2 Bb7 8. O-O
d5 9. Ne5 Nbd7 10. cxd5 exd5 11. Ndf3 c5 12. Qa4 Nxe5 13. Nxe5 Qc8 14. Bg5 Re8
15. Rac1 h6 16. Be3 Bd6 17. Nd3 c4 18. Qd1 Qf5 19. Nf4 g5 20. Nh3 Re7 21. Qc2
Qd7 22. Rce1 Rae8 23. Bc1 Qg4 24. e3 Bc8 25. f3 Qd7 26. Nf2 Bb8 27. Bd2 a5 28.
Qc3 Bb7 29. Bh3 Qd6 30. Qc1 h5 31. Bc3 Nh7 32. Bf5 h4 33. f4 hxg3 34. hxg3 Nf6
35. Ng4 Nh5 36. Kg2 Ng7 37. Qc2 gxf4 38. exf4 Rxe1 39. Rxe1 Rxe1 40. Bxe1 Qe7
41. Bf2 b5 42. Ne5 Bxe5 43. fxe5 Qg5 44. Bh3 b4 45. axb4 axb4 46. Kf3 b3 47. Qc3
Qxe5 48. Be3 Qh5+ 49. Bg4 Qh1+ 50. Kf2 Qh2+ 51. Kf3 f5 52. Bxf5 Nxf5 53. Bf4
Qh1+ 0-1

[Event "London Classic Open 2017"]
[Site "London ENG"]
[Date "2017.12.05"]
[Round "5.76"]
[White "Pein, Jonathan"]
[Black "Damianou, Ioannis"]
[Result "1/2-1/2"]
[WhiteElo "2165"]
[BlackElo "1907"]
[WhiteFideId "417092"]
[BlackFideId "5902355"]
[EventDate "2017.12.02"]

1. e4 c5 2. Nf3 d6 3. d3 Nc6 4. g3 g6 5. Bg2 Bg7 6. O-O e5 7. c3 Nge7 8. a3 O-O
9. b4 a6 10. Nbd2 Be6 11. Bb2 h6 12. Nb3 b6 13. Rc1 c4 14. dxc4 Bxc4 15. Re1 Qd7
16. Nfd2 Be6 17. Nf1 f5 18. exf5 gxf5 19. c4 b5 20. cxb5 axb5 21. Ne3 e4 22.
Bxg7 Kxg7 23. Nd4 Rxa3 24. Nxb5 Rd3 25. Qc2 Rb8 26. Bf1 Ne5 27. Nc7 Nf3+ 28. Kh1
Nxe1 29. Rxe1 Bf7 30. Bxd3 exd3 31. Qc3+ Kg6 32. Ng2 Qc6 33. Qxc6 Nxc6 34. Nf4+
Kg7 35. Nxd3 Nxb4 36. Nf4 Kf6 37. Rb1 Nc6 38. Rd1 Ke7 39. Ncd5+ Bxd5+ 40. Rxd5
Ne5 41. Kg2 Rb2 42. h3 Rc2 43. Rb5 Rd2 44. Ra5 Kf6 45. Ra8 Ng6 46. Nxg6 Kxg6 47.
Rg8+ Kf7 48. Rh8 Kg7 49. Rd8 Kf6 50. Kf3 Kg6 51. Ke3 Rd1 52. Rf8 Ra1 53. Rg8+
Kf6 54. Rh8 Kg6 55. Rd8 Rd1 56. g4 fxg4 57. hxg4 h5 58. gxh5+ Kxh5 59. Rg8 Kh6
60. f4 Kh7 61. Rg4 Re1+ 62. Kd4 Re6 63. Kd5 Rf6 64. Ke4 Rg6 1/2-1/2

[Event "London Classic Open 2017"]
[Site "London ENG"]
[Date "2017.12.05"]
[Round "5.77"]
[White "Ifalore, Michael"]
[Black "Mcgowan, Daniel"]
[Result "1/2-1/2"]
[WhiteElo "1962"]
[BlackElo "2155"]
[WhiteFideId "436356"]
[BlackFideId "2401479"]
[EventDate "2017.12.02"]

1. d4 e6 2. Bf4 Nf6 3. e3 b6 4. Nf3 Bb7 5. Nbd2 Be7 6. Bd3 O-O 7. e4 d6 8. h4 h6
9. Rg1 d5 10. e5 Ne4 11. Rh1 Nd7 12. Qe2 f5 13. exf6 Ndxf6 14. Ne5 Qe8 15. f3
Nh5 16. fxe4 Nxf4 17. Qg4 Nxd3+ 18. Nxd3 dxe4 19. Nxe4 Qc6 20. Nc3 Qxg2 21.
Qxe6+ Kh8 22. O-O-O Rae8 23. Qh3 Qxh3 24. Rxh3 Bd6 25. Nb5 Re4 26. Nxd6 cxd6 27.
c3 Ba6 28. Nb4 Bc8 29. Rh2 Rff4 30. h5 Be6 31. Kb1 Bf5 32. Kc1 Be6 33. Kb1 Bf7
34. Rg1 Rg4 35. Rf1 Ref4 36. Re1 Rg5 37. Re7 Bxh5 38. Rxa7 Bg6+ 39. Kc1 Rf1+ 40.
Kd2 Rgg1 41. Rb7 Rb1 42. Ke3 Rge1+ 43. Kf4 Re8 44. Rxb6 Rf1+ 45. Kg3 Re3+ 46.
Kg2 Rf6 47. Rh4 Re2+ 48. Kg3 Re3+ 49. Kg2 Be4+ 50. Rxe4 Rxe4 51. Nd5 Rf5 52.
Rxd6 Rg4+ 53. Kh3 Rgg5 54. Ne7 Rf3+ 55. Kh2 Rf2+ 56. Kh3 Rxb2 57. c4 Rxa2 58. c5
Ra3+ 59. Kh2 Rc3 60. c6 Rb5 61. Rg6 Rb2+ 62. Rg2 Rxg2+ 63. Kxg2 g5 64. d5 Kg7
65. d6 Kf7 66. c7 Ke6 67. c8=Q+ 1/2-1/2

[Event "London Classic Open 2017"]
[Site "London ENG"]
[Date "2017.12.05"]
[Round "5.78"]
[White "De Coverly, Roger D"]
[Black "Van Zyl-Rudd, Jack"]
[Result "0-1"]
[BlackTitle "FM"]
[WhiteElo "1921"]
[BlackElo "2153"]
[WhiteFideId "405213"]
[BlackFideId "14309017"]
[EventDate "2017.12.02"]

1. e4 Nc6 2. Nf3 d6 3. d4 Nf6 4. Nc3 g6 5. Be3 Bg7 6. Bd3 O-O 7. h3 a6 8. Qd2 b5
9. O-O Bb7 10. Bh6 e5 11. d5 Ne7 12. a4 c6 13. Bxg7 Kxg7 14. dxc6 Bxc6 15. axb5
axb5 16. Nxb5 Bxb5 17. Bxb5 Nxe4 18. Qb4 Rxa1 19. Rxa1 Qb6 20. Qxe4 Qxb5 21. Rd1
Qb6 22. b3 f6 23. c4 Rd8 24. Qc2 Nc6 25. Qc3 Qa5 26. Qxa5 Nxa5 27. Nd2 Nc6 28.
Ra1 f5 29. Ra6 Rc8 30. Rb6 Kf6 31. b4 Ke6 32. c5 Kd5 33. cxd6 Rb8 34. Ra6 Rxb4
35. d7 Rb8 36. Nc4 Rd8 37. Nb6+ Kc5 38. Nc4 Nb4 39. Ra5+ Kxc4 40. Rxe5 Rxd7 41.
h4 Nd3 0-1

[Event "London Classic Open 2017"]
[Site "London ENG"]
[Date "2017.12.05"]
[Round "5.79"]
[White "Tobianski, Fabian"]
[Black "Pedersen, Carsten"]
[Result "0-1"]
[WhiteElo "1909"]
[BlackElo "2144"]
[WhiteFideId "12952001"]
[BlackFideId "1409760"]
[EventDate "2017.12.02"]

1. c4 e5 2. g3 Nc6 3. Bg2 g6 4. Nc3 Bg7 5. d3 d6 6. e3 f5 7. Nge2 Nf6 8. O-O O-O
9. f4 Be6 10. b3 Bf7 11. e4 exf4 12. Bxf4 fxe4 13. dxe4 Nd7 14. Qd2 Nce5 15. Nd5
Kh8 16. Bg5 Qb8 17. Rad1 a5 18. Nd4 c6 19. Nf6 Qa7 20. Nxd7 Nxd7 21. Be7 Rfe8
22. Rxf7 Qxd4+ 23. Qxd4 Bxd4+ 24. Rxd4 Kg8 25. Rf2 Rxe7 26. Rxd6 Ne5 27. h3 Kg7
28. Kf1 a4 29. Rfd2 axb3 30. axb3 Ra3 31. Rb2 Ra1+ 32. Ke2 Rg1 33. Kf2 Rc1 34.
Ke2 h5 35. Rd4 Rc3 36. g4 hxg4 37. hxg4 Rg3 38. Kf2 Rd3 39. Rd2 Nxg4+ 40. Ke2
Re3+ 41. Kd1 Rxb3 42. Rd7 Kf7 43. Kc2 Rg3 44. R7d3 Rxd3 45. Rxd3 Ne5 46. Rd4 c5 0-1

[Event "London Classic Open 2017"]
[Site "London ENG"]
[Date "2017.12.05"]
[Round "5.80"]
[White "Jain, Gautam"]
[Black "Stewart, Ashley"]
[Result "0-1"]
[WhiteElo "1804"]
[BlackElo "2135"]
[WhiteFideId "425311"]
[BlackFideId "419001"]
[EventDate "2017.12.02"]

1. e4 c5 2. Nc3 g6 3. f4 Bg7 4. Nf3 Nc6 5. Bc4 e6 6. O-O Nge7 7. Qe1 O-O 8. d3
d5 9. Bb3 Na5 10. Bd2 b6 11. Qh4 dxe4 12. dxe4 Nec6 13. Qxd8 Rxd8 14. e5 f6 15.
exf6 Bxf6 16. Rad1 Nxb3 17. axb3 Nd4 18. Nxd4 Bxd4+ 19. Kh1 e5 20. fxe5 Bxe5 21.
Bg5 Rxd1 22. Rxd1 Bf5 23. Rd2 Re8 24. h3 Bd4 25. g4 Bd7 26. Bf4 Rf8 27. Bg3 Bc6+
28. Kh2 Rf1 29. Bb8 Bg1+ 30. Kg3 Rf3+ 31. Kh4 g5+ 32. Kh5 Rxh3+ 33. Kxg5 Be3+
34. Bf4 Bxd2 35. Bxd2 Rh2 36. Bf4 Rxc2 37. Nd1 Bf3 38. Ne3 Rxb2 39. Nf5 Kf7 40.
Nh6+ Ke6 0-1